| 000 | 01170nam0a22002531 4500 | ||
|---|---|---|---|
| 001 | rc\4397066 | ||
| 005 | 20260407092409.0 | ||
| 021 |
_aRU _bРг4558 |
||
| 021 |
_aRU _b(61-21412) |
||
| 035 | _a(NLR Aleph) 008296381 | ||
| 090 |
_a8608293 _c8608293 |
||
| 100 | _a20130416d1961 |||y0rusy50 ca | ||
| 101 | 0 | _arus | |
| 102 | _aRU | ||
| 105 | _aa z ||||| | ||
| 200 | 1 |
_aДатчик тензопневматического перепадомера ДТПП-325 _eИнструкция по монтажу и эксплуатации _fСпец. конструкторское бюро по автоматике в нефтепереработке и производстве искусств. жидкого топлива. СКБ-АНН |
|
| 210 |
_aМосква _cБ. и. _d1961 |
||
| 215 |
_a12 с. _cил. _d21 |
||
| 712 | 0 | 2 |
_4070 _aСпециальное КБ по автоматике в нефтепереработке и производстве искусственного жидкого топлива _cМосква _9311834 _3RU\NLR\AUTH\8819229 |
| 801 | 0 |
_aRU _bNLR _gpsbo |
|
| 801 | 1 |
_aRU _bELAR _2rusmarc |
|
| 852 |
_aNLR _j61-4/5642 |
||
| 942 | _cBOOK | ||
| 980 | _aNB | ||